000
00279nam a22001217a 4500
082
_a
823
_b
GRA/W
100
_a
GRANT JOHN
245
_a
WINGS OF DOOM
_b
MASTERS OF THE UNIVERSE
260
_a
LONDON
_b
LADY BIRD
300
_a
43
650
_a
ENGLISH SHORT STORY
_z
ENGLAND
942
_c
BK
999
_c
2391
_d
2391